zpět

Detail výsledku týmu

Max Beer Bar, Benešov

Datum a čas kvízu

35.5 Celkem bodů Celkový počet nahraných bodů na tomto kvízu bez doplňovacích otázek.
4. Pořadí na kvízu Konečné umístění týmu na tomto kvízu.

Zaznamenané odpovědi

# Otázka Odpověď Body Výsledky
1. Který obchodní řetězec minulý... Billa 1
2. Minulý týden média informovala... v Chorvatsku 1
3. Amazon minulý týden oznámil, ž... Hvězdná brána 1
4. Minulý týden došlo ke změně ma... nákupní centrum Palladium 0
5. Na fotbalové mistrovství světa... Curaçao 1
6. Za půl bodu uveďte název ameri... Bratrstvo neohrožených/Band of Brothers; rota E/Easy Company 0.5
7. Seřaďte následující vojenské h... 1D 2A 3C 4B 1
8. Po půl bodu uveďte jméno inter... Karel Kryl; Píseň neznámého vojína 1
9. Uveďte jméno zobrazeného česko... Alois Eliáš 1
10. Ve kterém satirickém románu vy... Hlava XXII (Catch-22) 1